History Quiz

Random History or Year Quiz

Who Died Here on This Date? Part II Quiz Stats

 Plays Quiz Updated Jan 7, 2016

Challenge
Share
Tweet
Embed
Score 0/20 Timer 04:00
0 Plays Today
Location Person % Correct
Dallas, TexasJohn F. Kennedy
91.8%
Mount Vernon, VirginiaGeorge Washington
80.3%
Rome, ItalyJulius Caesar
73.1%
Moscow, RussiaJoseph Stalin
72.5%
Memphis, TennesseeElvis Presley
71%
Little Big Horn, MontanaGeneral George Custer
66.9%
Los Angeles, CaliforniaMichael Jackson
66.8%
Giulino di Mezzegra, ItalyBenito Mussolini
63.9%
New Delhi, IndiaIndira Gandhi
61.8%
Sarajevo, Bosnia and HerzegovinaFranz Ferdinand
59.2%
Location Person % Correct
Paris, FranceDiana, Princess of Wales
56.6%
Dallas, TexasLee Harvey Oswald
55.3%
Madrid, SpainFrancisco Franco
40.8%
Cairo, EgyptAnwar al Sadat
34.6%
Washington, D.C.William Henry Harrison
25.7%
ThermopylaeLeonidas I
24.1%
Izmit, TurkeyConstantine the Great
14.5%
Acla, PanamaVasco Núñez de Balboa
6.1%
Tokyo, JapanEmperor Meiji
3.2%
Athens, GreecePheidippides
1.1%

You're not logged in!

Compare scores with friends on all Sporcle quizzes.
Join for Free
OR
Log In

You Might Also Like...

Show Comments

Extras

Top Quizzes Today


Score Distribution

Your Account Isn't Verified!

In order to create a playlist on Sporcle, you need to verify the email address you used during registration. Go to your Sporcle Settings to finish the process.

Report this User

Report this user for behavior that violates our Community Guidelines.

Details: